El dret comú i Catalunya: actes del VII Simposi Internacional

Gorde:
Xehetasun bibliografikoak
Egile nagusia: Iglesia Ferreirós, Aquilino (Egilea)
Formatua: Liburua
Hizkuntza:katalana
Argitaratua: Barcelona Fundación Noguera 1998
Edizioa:1a. ed
Saila:Col·lecció Estudis, 15
Gaiak:
Etiketak: Etiketa erantsi
Etiketarik gabe, Izan zaitez lehena erregistro honi etiketa jartzen!

MARC

LEADER 00000cam a2200000 a 4500
001 UCD2523
003 CL-VaPUC
005 20210313001521.0
008 160428e19980000sp 1 cat d
020 |a 8492231947 
082 0 4 |a 346.467  |b IGL  |2 21 
100 |a Iglesia Ferreirós, Aquilino  |e author  |9 622173 
245 1 3 |a El dret comú i Catalunya: actes del VII Simposi Internacional 
250 |a 1a. ed 
260 |a Barcelona  |b Fundación Noguera  |c 1998 
300 |a 358 p 
490 0 |a Col·lecció Estudis, 15 
583 |a last modification  |c 20160428 21:50:00  |k Rodrigo Vera 
650 0 0 |a Derecho civil  |9 255013 
650 0 7 |a SIMPOSIO  |2 CL-VaPUC  |9 341152 
651 7 |a CATALUÑA  |2 CL-VaPUC  |9 331857 
651 0 |a España  |9 254926 
942 |c BK 
945 |a arojas  |d 20160428 21:50:00 
546 |a En Catalán 
536 |a Fundación Noguera 
518 |p Simposi Internacional, 07, Barcelona, 23-24 de maig de 1997 
999 |c 384832  |d 384830 
952 |0 0  |1 0  |3 erb  |4 0  |6 346_467000000000000_IGL_1998  |7 0  |8 DER_HDC  |9 507819  |a BIBDER  |b BIBDER  |i 5283930  |o 346.467 IGL 1998  |p 5283930  |r 2023-01-25  |w 2020-01-23  |x Ubicación 4to Piso  |y BK  |z Estos recursos deben solicitarse con anticipación  |k DER